000 00430nam a2200157 i 4500
001 bg
100 1 _aFON NEJMAN, Dż.
245 0 _aTeorija samovosproizvodjascichsja avtomatov /
_cDż. Fon Nejman ; Perev. s angl. V. L. Stefanjuka.
260 _aMoskva :
_bIzdat. "Mir",
_c1971.
300 _as. 381.
040 _cBPK
041 _apol
080 _a519.713:577.9
942 _cKS
008 s pl f |000 0 pol
999 _c14136
_d14136
856 _uhttp://koha.tu.koszalin.pl/cgi-bin/koha/opac-detail.pl?biblionumber=14136
_yKatalog online BPK